Formálne zavŕšenie vstupu
OECD posunulo SR bližšie k členstvu v EÚ. Z celkového počtu 29 rokovacích kapitol Slovensko dosiaľ otvorilo 16, z nich 10 predbežne uzatvorilo. Kapitoly, v ktorých SR požaduje prechodné obdobia. Prerozdelenie hlasov v Rade ministrov EÚ.
Gespeichert in:
| 1. Verfasser: | |
|---|---|
| Format: | Buchkapitel |
| Sprache: | Slowakisch |
| Schlagworte: | |
| Tags: |
Keine Tags, Fügen Sie das erste Tag hinzu!
|
MARC
| LEADER | 00000naa a2200000 4500 | ||
|---|---|---|---|
| 001 | r040228 | ||
| 005 | 20230920071740.0 | ||
| 041 | 0 | |a slo | |
| 044 | |a SK | ||
| 245 | 1 | 0 | |a Formálne zavŕšenie vstupu |c Marianna Onuferová |
| 520 | |a OECD posunulo SR bližšie k členstvu v EÚ. Z celkového počtu 29 rokovacích kapitol Slovensko dosiaľ otvorilo 16, z nich 10 predbežne uzatvorilo. Kapitoly, v ktorých SR požaduje prechodné obdobia. Prerozdelenie hlasov v Rade ministrov EÚ. | ||
| 610 | 2 | 0 | |a Európska únia |
| 610 | 2 | 0 | |a Slovensko |
| 610 | 2 | 0 | |a integrácia ekonomická |
| 610 | 2 | 0 | |a spolupráca hospodárska medzinárodná |
| 610 | 2 | 0 | |a globalizácia |
| 100 | 1 | |a Onuferová, Marianna | |